000 00890cab a22001935a 4500
001 L144199
008 080703s2008 xxk f 000 0 eng d
035 _a(Sirsi) u144199
041 0 _aeng
100 1 _aKnight, Peter
245 0 4 _aThe importance of having a top quality website
260 _c2008
490 _aEstate Agency News
_v(245) June 2008, 16(1)
520 _aDiscusses the need for high quality websites in estate agency, stating that newspapers, magazines and traditional media are of little use for competitive estate agency. Makes recommendations including: aiming your site at your target audience; making it easy for potential clients to find your site online; utilising property portals and linking the electronic and traditional media produced by your business.
590 _aKA
651 4 _aUnited Kingdom
_y
690 _aPROPERTY-PROPERTY AGENCY
942 _n0
999 _c80380
_d80380